Heinrich Bölls historische Romane als Interpretationen von Handlungsmodellen eine Untersuchung der Werke "Der Zug war pünktlich" und "Wo wars du Adam?" /

Elmentve itt :
Bibliográfiai részletek
Szerző: Bernáth Árpád
További közreműködők: Böll Heinrich
Dokumentumtípus: Könyv része
Megjelent: 1980
Sorozat:Studia poetica 3
Studies in the semantics of narrative = Beiträge zur Semantik der Erzählung 3
Kulcsszavak:Szemantika - irodalmi - próza, Irodalomelmélet
Tárgyszavak:
Online Access:http://acta.bibl.u-szeged.hu/17116
LEADER 00947naa a2200229 i 4500
001 acta17116
005 20220117152856.0
008 161015s1980 hu o 0|| ger d
022 |a 0209-9403 
040 |a SZTE Egyetemi Kiadványok Repozitórium  |b hun 
041 |a ger 
100 1 |a Bernáth Árpád 
245 1 0 |a Heinrich Bölls historische Romane als Interpretationen von Handlungsmodellen   |h [elektronikus dokumentum] :  |b eine Untersuchung der Werke "Der Zug war pünktlich" und "Wo wars du Adam?" /  |c  Bernáth Árpád 
260 |c 1980 
300 |a 307-369 
490 0 |a Studia poetica  |v 3 
490 0 |a Studies in the semantics of narrative = Beiträge zur Semantik der Erzählung  |v 3 
650 4 |a Bölcsészettudományok 
650 4 |a Nyelvek és irodalom 
695 |a Szemantika - irodalmi - próza, Irodalomelmélet 
700 0 1 |a Böll Heinrich 
856 4 0 |u http://acta.bibl.u-szeged.hu/17116/1/studia_poetica_003_307-369.pdf  |z Dokumentum-elérés